|
|
|
|
| LEADER |
01019nam a22002537a 4500 |
| 001 |
36658 |
| 003 |
BD-DhAAL |
| 005 |
20191121111449.0 |
| 008 |
191121t1994 ph a|||| b||| 00| 0 eng d |
| 999 |
|
|
|c 41876
|d 41876
|
| 040 |
|
|
|a BD-DhAAL
|
| 082 |
|
|
|a 362.5915
|
| 245 |
|
|
|a Escaping the poverty trap :
|b lessons from Asia /
|c Asian Development Bank
|
| 246 |
|
|
|a Lessons from Asia
|
| 260 |
|
|
|a Manila, Philippines :
|b Asian Development Bank,
|c 1994
|
| 300 |
|
|
|a vii, 91 pages :
|b color illustrations ;
|c 27 cm
|
| 504 |
|
|
|a Includes bibliographical references (pages 89-91).
|
| 526 |
|
|
|a ESS
|
| 541 |
|
|
|a Complimentary copy from Professor Dr. Nasreen Khundker
|e 36658
|
| 650 |
|
|
|a Poverty
|z Asia.
|9 37508
|
| 710 |
|
|
|a Asian Development Bank.
|9 37509
|
| 852 |
|
|
|a Ayesha Abed Library
|c General Stacks
|
| 942 |
|
|
|2 ddc
|c BK
|
| 952 |
|
|
|0 0
|1 0
|2 ddc
|4 0
|6 362_591500000000000_ESC
|7 0
|9 67252
|a BRACUL
|b BRACUL
|c GEN
|d 2019-11-21
|e Complimentary copy from Professor Dr. Nasreen Khundker
|l 0
|o 362.5915 ESC
|p 3010036658
|r 2019-11-21
|t 1
|w 2019-11-21
|y BK
|